000 00470nam a2200181Ia 4500
001 2596
005 20260306144818.0
008 260306t2010||||xx |||||||||||||| ||spa||
041 _aESP
082 _a616.895
_bR738
100 _aRetamal C., Pedro
_eAUT
245 0 _aCómo enfrentar la enfermedad bipolar:
_bguía para el paciente y la familia
260 _c2010
300 _a152 páginas :
_c21 cm.
650 _aGEN
654 _aCPS
942 _cLIB
_dJUS
_fJUS
_2ddc
_n
999 _c2596
_d2596